| 000 | 00731cam a22002295a 4500 | ||
|---|---|---|---|
| 001 | L157391 | ||
| 008 | 121121s2012 xxko f 000 0 eng d | ||
| 020 | _a9781848062627 | ||
| 035 | _a(Sirsi) u157391 | ||
| 041 | 0 | _aeng | |
| 100 | 1 | _aPester, Steve | |
| 245 | 0 | 0 |
_aBuilding-integrated photovoltaic systems _bchallenges and opportunities for manufacturers and specifiers |
| 260 |
_aWatford _bBRE _c2012 |
||
| 300 |
_a12p. _bill. _c30cm. |
||
| 490 | 0 |
_aBRE Information Paper _v(11/12) |
|
| 520 | _aDiscusses available Building Integrated Photovoltaics (BIPV) systems, and looks at typical applications. | ||
| 521 | _aAdvanced | ||
| 590 | _aKA | ||
| 651 | 4 |
_aUnited Kingdom _y |
|
| 690 |
_aSustainability _96271 |
||
| 942 | _n0 | ||
| 999 |
_c114750 _d114750 |
||